000 00582nam a2200229Ia 4500
003 OSt
005 20220918180135.0
006 a|||||r|||| 00| 0
007 ta
008 220917b |||||||| |||| 00| 0 eng d
024 _a20,808
037 _cTextual
040 _aARTS
_cARTS
_beng
041 _2eng
_aeng
082 _aO:3M12w, F81 (=)
100 _aStraus Ralph
_955724
245 0 _aDickens
_b a portrait in pencil
260 _c1928
650 _aENGLISH LITERATURE
942 _hO:3M12w, F81 (=)
_cTEXL
_2CC
999 _c160446
_d160446